Documento descriptivo del "Proyecto de instrumentos de política y planificación científica y tecnológica en Costa Rica"

Sábháilte in:
Sonraí bibleagrafaíochta
Údar corparáideach: Consejo Nacional de Investigaciones Científicas y Tecnológicas
Formáid: Téacs
Foilsithe / Cruthaithe: San José: EL Consejo
Clibeanna: Cuir clib leis
Níl clibeanna ann, Bí ar an gcéad duine le clib a chur leis an taifead seo!

MARC

LEADER 00000 a a2200000 04500
001 14132
003
040
090 |a 027500  
110 |a Consejo Nacional de Investigaciones Científicas y Tecnológicas  
245 |a Documento descriptivo del "Proyecto de instrumentos de política y planificación científica y tecnológica en Costa Rica"  
260 |a San José:   |b EL Consejo  
300 |a 4; 61 p  
500 |a Versión preliminar en borrador  
999 |c 7588  |d 7588